Chapman Library

Intercultural communication in contexts (Record no. 1613)

000 -LEADER
fixed length control field 00306nam a22001337a 4500
020 ## - INTERNATIONAL STANDARD BOOK NUMBER
ISBN 9780071107037
050 ## - LIBRARY OF CONGRESS CALL NUMBER
Classification number LB 1028 mar
100 ## - MAIN ENTRY--AUTHOR NAME
Personal name MARTIN, Judith N.
245 ## - TITLE STATEMENT
Title Intercultural communication in contexts
250 ## - EDITION STATEMENT
Edition statement 4th
260 ## - PUBLICATION, DISTRIBUTION, ETC. (IMPRINT)
Place of publication Boston
Name of publisher McGr
700 ## - ADDED ENTRY--PERSONAL NAME
Personal name NAKAYAMA, Thomas K.
942 ## - ADDED ENTRY ELEMENTS (KOHA)
Koha item type Books
Holdings
Koha item type Shelving location Accession Number Permanent Location Current Location Date acquired Full call number
BooksReference3320Chapman LibraryChapman Library2017-02-08LB 1028 mar


CSUC Chapman Library is a Koha Automated Library.


Contact us: library@csuc.edu.gh.